LIBRARY & INFORMATION CENTRE, KCAET, TAVANUR

ONLINE PUBLIC ACCESS CATALOGUE (OPAC)

Space flight / (Record no. 1262)

MARC details
000 -LEADER
fixed length control field 00349cam a2200145ua 4500
003 - CONTROL NUMBER IDENTIFIER
control field OSt
008 - FIXED-LENGTH DATA ELEMENTS--GENERAL INFORMATION
fixed length control field 250823b |||||||| |||| 00| 0 eng d
041 ## - LANGUAGE CODE
Language code of text/sound track or separate title eng
082 ## - DEWEY DECIMAL CLASSIFICATION NUMBER
Classification number 629.41
Item number MER/SP
100 ## - MAIN ENTRY--AUTHOR NAME
Personal name Merrill, Grayson .
245 00 - TITLE STATEMENT
Title Space flight /
260 ## - PUBLICATION, DISTRIBUTION, ETC. (IMPRINT)
Place of publication Newyork :
Name of publisher D.Van Nostrand co,INC ,
Year of publication 1960.
300 ## - PHYSICAL DESCRIPTION
Number of Pages 513 ; .
942 ## - ADDED ENTRY ELEMENTS (KOHA)
Koha item type Books
Holdings
Withdrawn status Lost status Damaged status Home library Current library Date acquired Full call number Accession Number Koha item type
      KAUAET Sanskrit University 07/04/2012 629.41 MER/SP 4050 Books
free website counter